| 000 | 00816nam a2200301Ia 4500 | ||
|---|---|---|---|
| 001 | 17528 | ||
| 003 | IT-RoPAU | ||
| 008 | 130308s9999 xx 000 0 und d | ||
| 040 | _aIT-RoPAU | ||
| 040 | _cIT-RoPAU | ||
| 041 | _aITALIANO | ||
| 100 | _aBrunoro Gianni | ||
| 100 | _gCodice Aut. SPICS: 8736 | ||
| 245 | _aAlla ricerca del Gulliver perduto | ||
| 245 | _bViaggi di Gulliver (I) | ||
| 250 | _a1a ed. | ||
| 260 | _aMILANO | ||
| 260 | _bEp/Libreria Della Famiglia | ||
| 260 | _c1978 [1° Ed.:1978 - Ed.Ling.Originale:1978] | ||
| 300 | _a"5 p. (prefazione: no ; testo: 5 [pagine: 7-11])" | ||
| 500 | _aIntroduzione al Volume I viaggi di Gulliver | ||
| 650 | _aAUTORI/OPERE DI FUMETTO | ||
| 650 | _eCodice materia Spics: 6707 | ||
| 942 | _cBK | ||
| 957 | _71 | ||
| 999 |
_c50351 _d50351 |
||
| 999 | _bSI | ||
| 999 | _g1 | ||